[Event "GER-ch Rapid 51st"]
[Site "Neuwied"]
[Date "2025.06.15"]
[Round "6"]
[White "Schenderowitsch, Michael"]
[Black "Meuer, David"]
[Result "1/2-1/2"]
[WhiteElo "2204"]
[BlackElo "2101"]
[PlyCount "22"]
[EventDate "2025.06.14"]
[EventType "swiss (rapid)"]
[EventRounds "9"]
[EventCountry "GER"]
[SourceTitle "CB25_2025"]
[SourceDate "2025.06.18"]
[SourceVersion "1"]
[SourceVersionDate "2025.06.18"]
[SourceQuality "1"]

1. e4 e6 2. d4 d5 3. Nd2 c5 4. exd5 exd5 5. Ngf3 Nf6 6. dxc5 Bxc5 7. Bd3 0-0 8. 0-0 Nc6 9. Nb3 Bb6 10. Bf4 Bg4 11. h3 Bh5 1/2-1/2

[Event "GER-ch Rapid 51st"]
[Site "Neuwied"]
[Date "2025.06.14"]
[Round "5"]
[White "Peng, Xiang Tobias"]
[Black "Schenderowitsch, Michael"]
[Result "1-0"]
[WhiteElo "2229"]
[BlackElo "2204"]
[PlyCount "67"]
[EventDate "2025.06.14"]
[EventType "swiss (rapid)"]
[EventRounds "9"]
[EventCountry "GER"]
[SourceTitle "CB25_2025"]
[SourceDate "2025.06.18"]
[SourceVersion "1"]
[SourceVersionDate "2025.06.18"]
[SourceQuality "1"]

1. e4 c6 2. Nc3 d5 3. Nf3 dxe4 4. Nxe4 Nf6 5. Qe2 Nxe4 6. Qxe4 Be6 7. Ng5 Bd5 8. Qb4 Qc8 9. c4 Na6 10. Qc3 Be6 11. Nxe6 Qxe6+ 12. Be2 Qf6 13. d4 Rd8 14. Be3 g6 15. 0-0-0 Bg7 16. Qb3 Rd7 17. Kb1 0-0 18. h4 h6 19. h5 g5 20. Rhf1 Qf5+ 21. Ka1 Rfd8 22. Bd3 Qa5 23. Bb1 Bxd4 24. Bxd4 Rxd4 25. Rxd4 Rxd4 26. Qxb7 Qb6 27. Qxe7 Qd8 28. Qxa7 Nb4 29. Qc5 Nd3 30. Qf5 Qd6 31. Rd1 Nxb2 32. Qh7+ Kf8 33. Qh8+ Ke7 34. Qxd4 1-0

[Event "GER-ch Rapid 51st"]
[Site "Neuwied"]
[Date "2025.06.14"]
[Round "4"]
[White "Schenderowitsch, Michael"]
[Black "Schnabel, Ralf"]
[Result "1/2-1/2"]
[WhiteElo "2204"]
[BlackElo "2187"]
[PlyCount "30"]
[EventDate "2025.06.14"]
[EventType "swiss (rapid)"]
[EventRounds "9"]
[EventCountry "GER"]
[SourceTitle "CB25_2025"]
[SourceDate "2025.06.18"]
[SourceVersion "1"]
[SourceVersionDate "2025.06.18"]
[SourceQuality "1"]

1. d4 f5 2. g3 Nf6 3. Bg2 d6 4. Nf3 g6 5. 0-0 Bg7 6. c4 0-0 7. Nc3 c6 8. d5 e5 9. dxe6 Bxe6 10. Bf4 Bxc4 11. Bxd6 Re8 12. Ba3 Qxd1 13. Rfxd1 Nbd7 14. e3 Nb6 15. Rac1 Rad8 1/2-1/2

[Event "Roquetas de Mar op 36th"]
[Site "Roquetas de Mar"]
[Date "2025.01.04"]
[Round "5"]
[White "Schenderowitsch, Michael"]
[Black "Bernabeu Lopez, Carlos Javier"]
[Result "1-0"]
[WhiteElo "2175"]
[BlackElo "2416"]
[PlyCount "77"]
[EventDate "2025.01.02"]
[EventType "swiss"]
[EventRounds "9"]
[EventCountry "ESP"]
[SourceTitle "CB02_2025"]
[SourceDate "2025.01.08"]
[SourceVersion "1"]
[SourceVersionDate "2025.01.08"]
[SourceQuality "1"]

1. d4 Nf6 2. c4 g6 3. Nf3 Bg7 4. g3 0-0 5. Bg2 d6 6. Nc3 Nbd7 7. 0-0 e5 8. h3 Re8 9. e4 b6 10. Re1 Bb7 11. d5 a5 12. Rb1 Nc5 13. b3 c6 14. Bg5 Qb8 15. Bxf6 Bxf6 16. Qd2 cxd5 17. Nxd5 Bxd5 18. Qxd5 Rd8 19. Bf1 Qc7 20. h4 Bg7 21. Rbd1 Bh6 22. Nh2 Bf8 23. Nf3 h5 24. Qd2 Bg7 25. Bh3 Qe7 26. Qe3 Rab8 27. Rd5 Na6 28. Red1 Qf8 29. a3 Nc7 30. R5d3 Bh6 31. Qe2 Qe7 32. b4 axb4 33. axb4 b5 34. c5 dxc5 35. Rd7 Qf6 36. Rxc7 Rxd1+ 37. Qxd1 c4 38. Kg2 Rd8 39. Rd7 1-0

[Event "Hvar Arsenal op 3rd"]
[Site "Hvar"]
[Date "2024.10.17"]
[Round "5"]
[White "Car, Filip"]
[Black "Schenderowitsch, Michael"]
[Result "0-1"]
[WhiteElo "2058"]
[BlackElo "2184"]
[PlyCount "38"]
[EventDate "2024.10.14"]
[EventType "swiss"]
[EventRounds "9"]
[EventCountry "CRO"]
[SourceTitle "CB43_2024"]
[Source "Chessbase"]
[SourceDate "2024.10.23"]
[SourceVersion "1"]
[SourceVersionDate "2024.10.23"]
[SourceQuality "1"]

1. d4 Nf6 2. c4 e6 3. Nc3 Bb4 4. Qc2 c5 5. dxc5 0-0 6. Nf3 Na6 7. g3 Nxc5 8. Bg2 Nfe4 9. 0-0 Bxc3 10. bxc3 d6 11. Nd4 f5 12. Rd1 Bd7 13. Nb5 a6 14. Nxd6 Ba4 15. Nxe4 Qc7 16. Qd2 Nxe4 17. Bxe4 Bxd1 18. Bxb7 Rad8 19. Qb2 Qxc4 0-1

[Event "La Palma Island op"]
[Site "Santa Cruz de La Palma"]
[Date "2024.08.09"]
[Round "10"]
[White "Schenderowitsch, Michael"]
[Black "Perez Perez, Alejandro"]
[Result "1/2-1/2"]
[WhiteElo "2187"]
[BlackElo "2021"]
[PlyCount "107"]
[EventDate "2024.08.02"]
[EventType "swiss"]
[EventRounds "10"]
[EventCountry "ESP"]
[SourceTitle "CBM 221 Extra"]
[Source "ChessBase"]
[SourceDate "2024.09.30"]
[SourceVersion "1"]
[SourceVersionDate "2024.09.30"]
[SourceQuality "1"]

1. c4 c5 2. Nc3 Nc6 3. Nf3 e5 4. e3 Nf6 5. d4 e4 6. d5 exf3 7. dxc6 bxc6 8. Qxf3 d5 9. cxd5 cxd5 10. Bb5+ Bd7 11. Bxd7+ Qxd7 12. 0-0 Be7 13. Rd1 Rd8 14. Nxd5 Nxd5 15. e4 0-0 16. exd5 Bf6 17. Be3 Bxb2 18. Rab1 Be5 19. Bxc5 Bxh2+ 20. Kxh2 Qc7+ 21. d6 Qxc5 22. Rd5 Qc2 23. Rbd1 Qxa2 24. d7 Qc2 25. Rd6 a5 26. g3 a4 27. R1d2 Qc5 28. Qd3 g6 29. Ra6 Qb4 30. Rd6 Qb3 31. Qd4 a3 32. Ra6 h5 33. Qd6 h4 34. Rxa3 hxg3+ 35. fxg3 Qe6 36. Qd4 f5 37. Re3 Qf6 38. Qd5+ Kg7 39. Re6 Rh8+ 40. Kg2 Qa1 41. Qd4+ Qxd4 42. Rxd4 Rhf8 43. Rdd6 Rf7 44. Rxg6+ Kf8 45. Kf3 Rdxd7 46. Rxd7 Rxd7 47. Kf4 Kf7 48. Ra6 Rd5 49. Kg5 Rd3 50. Kf4 Rd5 51. Rh6 Kg7 52. Rh5 Kg6 53. Rg5+ Kf6 54. Rg8 1/2-1/2

[Event "La Palma Island op"]
[Site "Santa Cruz de La Palma"]
[Date "2024.08.06"]
[Round "6"]
[White "Schenderowitsch, Michael"]
[Black "Rodriguez Bittar, Karim Javier"]
[Result "1-0"]
[WhiteElo "2187"]
[BlackElo "1967"]
[PlyCount "65"]
[EventDate "2024.08.02"]
[EventType "swiss"]
[EventRounds "10"]
[EventCountry "ESP"]
[SourceTitle "CBM 221 Extra"]
[Source "ChessBase"]
[SourceDate "2024.09.30"]
[SourceVersion "1"]
[SourceVersionDate "2024.09.30"]
[SourceQuality "1"]

1. d4 Nf6 2. c4 c5 3. d5 b5 4. Nd2 g6 5. e4 d6 6. cxb5 Bg7 7. Ne2 0-0 8. Nc3 a6 9. a4 axb5 10. Bxb5 Ba6 11. Ra3 Nfd7 12. 0-0 Ne5 13. Qe2 Qc8 14. f4 Ng4 15. Nc4 Bxb5 16. Nxb5 Ra6 17. e5 dxe5 18. fxe5 Nh6 19. Bf4 Nf5 20. Rd1 Rd8 21. g4 Nh6 22. h3 f5 23. g5 Nf7 24. e6 Nh8 25. Rad3 Re8 26. b3 Kf8 27. Be5 Qb7 28. Qb2 Bxe5 29. Qxe5 Kg8 30. Nc7 Rf8 31. Nxa6 Qxa6 32. Qc7 f4 33. Qxe7 1-0

[Event "Rheinland Pfalz-ch Blitz"]
[Site "Landau"]
[Date "2024.05.05"]
[Round "2"]
[White "Frohnhaeuser, Simon"]
[Black "Schenderowitsch, Michael"]
[Result "0-1"]
[WhiteElo "1959"]
[BlackElo "2271"]
[PlyCount "50"]
[EventDate "2024.05.05"]
[EventType "tourn (blitz)"]
[EventRounds "29"]
[EventCountry "GER"]
[SourceTitle "CBM 220 Extra"]
[Source "ChessBase"]
[SourceDate "2024.07.31"]
[SourceVersion "1"]
[SourceVersionDate "2024.07.31"]
[SourceQuality "1"]

1. e4 c6 2. Nc3 d5 3. Nf3 dxe4 4. Nxe4 Nf6 5. Ng3 g6 6. d4 Bg7 7. Bd3 0-0 8. 0-0 Na6 9. c3 Nc7 10. Ne5 Be6 11. Ne4 Nxe4 12. Bxe4 Bd5 13. Bc2 c5 14. Qe2 cxd4 15. cxd4 Ne6 16. Be3 Rc8 17. a3 Qd6 18. f4 f6 19. Nd3 Bc4 20. b3 Nxd4 21. Bxd4 Qxd4+ 22. Kh1 Ba6 23. Rac1 Rcd8 24. Qe6+ Kh8 25. Nb4 Bxf1 0-1

[Event "Rheinland Pfalz-ch Blitz"]
[Site "Landau"]
[Date "2024.05.05"]
[Round "8"]
[White "Hinrichs, Paul"]
[Black "Schenderowitsch, Michael"]
[Result "1-0"]
[WhiteElo "2245"]
[BlackElo "2271"]
[PlyCount "105"]
[EventDate "2024.05.05"]
[EventType "tourn (blitz)"]
[EventRounds "29"]
[EventCountry "GER"]
[SourceTitle "CBM 220 Extra"]
[Source "ChessBase"]
[SourceDate "2024.07.31"]
[SourceVersion "1"]
[SourceVersionDate "2024.07.31"]
[SourceQuality "1"]

1. d4 d5 2. Nf3 Nf6 3. g3 c6 4. Bg2 Bf5 5. 0-0 h6 6. c4 e6 7. Qb3 Qb6 8. c5 Qc7 9. Bf4 Qc8 10. Nc3 Nbd7 11. h3 Be7 12. g4 Bh7 13. Rac1 0-0 14. Qd1 Ne4 15. Nd2 f5 16. Bh2 Bf6 17. Ndxe4 fxe4 18. f4 exf3 19. exf3 e5 20. Ne2 Qe8 21. Re1 Qf7 22. f4 exf4 23. Nxf4 Rae8 24. Qa4 a6 25. Nh5 Bh4 26. Rf1 Qe6 27. Qb3 Rxf1+ 28. Rxf1 Bf6 29. Nxf6+ Nxf6 30. Qxb7 Be4 31. Be5 Bxg2 32. Kxg2 Nd7 33. Re1 Rf8 34. Qxa6 Qf7 35. Qe2 Qg6 36. Bd6 Rf7 37. Qe8+ Kh7 38. Qe6 Nf6 39. Qf5 Qxf5 40. gxf5 Ne4 41. Rf1 Rb7 42. b3 Ra7 43. Ra1 Rf7 44. a4 Rxf5 45. a5 Rf2+ 46. Kg1 Rd2 47. a6 Ng5 48. a7 Nf3+ 49. Kf1 Nxd4 50. a8Q Rd3 51. Qf8 Rf3+ 52. Qxf3 Nxf3 53. Ra6 1-0

[Event "Rheinland Pfalz-ch Blitz"]
[Site "Landau"]
[Date "2024.05.05"]
[Round "17"]
[White "Schenderowitsch, Michael"]
[Black "Bold, Andre"]
[Result "1/2-1/2"]
[WhiteElo "2271"]
[BlackElo "2110"]
[PlyCount "78"]
[EventDate "2024.05.05"]
[EventType "tourn (blitz)"]
[EventRounds "29"]
[EventCountry "GER"]
[SourceTitle "CBM 220 Extra"]
[Source "ChessBase"]
[SourceDate "2024.07.31"]
[SourceVersion "1"]
[SourceVersionDate "2024.07.31"]
[SourceQuality "1"]

1. d4 d5 2. c4 c6 3. cxd5 cxd5 4. Bf4 Nf6 5. Nc3 Nc6 6. e3 Bf5 7. Qb3 Na5 8. Qa4+ Bd7 9. Qc2 e6 10. Bd3 Rc8 11. h3 b5 12. a3 Nc4 13. Nge2 Be7 14. 0-0 0-0 15. Rfd1 a5 16. Qb1 b4 17. axb4 axb4 18. Na4 Na3 19. bxa3 Bxa4 20. Rc1 Rxc1+ 21. Qxc1 bxa3 22. Nc3 Qa5 23. Nb1 Bb5 24. Bxb5 Qxb5 25. Nxa3 Bxa3 26. Qxa3 Rc8 27. Qa2 h6 28. Rb1 Qc4 29. Qb2 Ne4 30. f3 Nc3 31. Re1 Qd3 32. Kh2 Qb5 33. Qc2 Qa4 34. Qc1 Rc4 35. Qb2 Qb4 36. Qa1 Qa4 37. Qb2 Qb4 38. Qa1 Qa4 39. Qb2 Qb4 1/2-1/2

[Event "Rheinland Pfalz-ch Blitz"]
[Site "Landau"]
[Date "2024.05.05"]
[Round "11"]
[White "Schenderowitsch, Michael"]
[Black "Falahat, Sascha"]
[Result "1/2-1/2"]
[WhiteElo "2271"]
[BlackElo "1876"]
[PlyCount "58"]
[EventDate "2024.05.05"]
[EventType "tourn (blitz)"]
[EventRounds "29"]
[EventCountry "GER"]
[SourceTitle "CBM 220 Extra"]
[Source "ChessBase"]
[SourceDate "2024.07.31"]
[SourceVersion "1"]
[SourceVersionDate "2024.07.31"]
[SourceQuality "1"]

1. d4 f5 2. g3 Nf6 3. Bg2 e6 4. Nf3 d5 5. 0-0 Bd6 6. c4 c6 7. Qc2 0-0 8. Bf4 Bxf4 9. gxf4 Nbd7 10. Nbd2 Ne4 11. Ne5 Nxe5 12. fxe5 b6 13. Rac1 Ba6 14. b3 dxc4 15. Nxe4 fxe4 16. Bxe4 Qxd4 17. bxc4 Qxe5 18. e3 Qh5 19. f4 Rad8 20. Rcd1 Rxd1 21. Rxd1 Bxc4 22. Bxc6 Be2 23. Re1 Qg4+ 24. Bg2 Bf3 25. Qf2 Bxg2 26. Qxg2 Qxg2+ 27. Kxg2 Kf7 28. Rc1 Re8 29. Rc7+ Re7 1/2-1/2

[Event "Rheinland Pfalz-ch Blitz"]
[Site "Landau"]
[Date "2024.05.05"]
[Round "29"]
[White "Zimmermann, Klemens"]
[Black "Schenderowitsch, Michael"]
[Result "0-1"]
[WhiteElo "2198"]
[BlackElo "2271"]
[PlyCount "58"]
[EventDate "2024.05.05"]
[EventType "tourn (blitz)"]
[EventRounds "29"]
[EventCountry "GER"]
[SourceTitle "CBM 220 Extra"]
[Source "ChessBase"]
[SourceDate "2024.07.31"]
[SourceVersion "1"]
[SourceVersionDate "2024.07.31"]
[SourceQuality "1"]

1. d4 d5 2. c4 e5 3. dxe5 Ne7 4. Nf3 Nbc6 5. cxd5 Qxd5 6. Qxd5 Nxd5 7. e4 Ndb4 8. Na3 Be6 9. Bb5 0-0-0 10. Bg5 Rd7 11. 0-0 h6 12. Be3 a6 13. Bxc6 Nxc6 14. Nc2 Bc4 15. Rfc1 Bd3 16. Ncd4 Bxe4 17. Nxc6 Bxc6 18. Nd4 Bd5 19. a3 g6 20. Ne2 Bg7 21. Bf4 Be6 22. h4 g5 23. hxg5 hxg5 24. Bg3 Rd2 25. Nc3 Rd4 26. Rd1 Rhd8 27. Rxd4 Rxd4 28. Rd1 Rc4 29. Rd2 b5 0-1

[Event "BL2-Sued 2324"]
[Site "Germany"]
[Date "2023.12.03"]
[Round "4.5"]
[White "Bellahcene, Bilel"]
[Black "Schenderowitsch, Michael"]
[Result "1-0"]
[WhiteElo "2520"]
[BlackElo "2274"]
[PlyCount "81"]
[EventDate "2023.10.21"]
[EventType "team-tourn"]
[EventRounds "10"]
[EventCountry "GER"]
[SourceTitle "EXT 2025"]
[Source "ChessBase"]
[SourceDate "2024.10.14"]
[SourceVersion "1"]
[SourceVersionDate "2024.10.14"]
[SourceQuality "1"]
[WhiteTeam "Baden-Baden II"]
[BlackTeam "Schott Mainz"]
[WhiteTeamCountry "GER"]
[BlackTeamCountry "GER"]

1. d4 Nf6 2. c4 e6 3. Nf3 b6 4. Nc3 Bb4 5. Bg5 Bb7 6. Nd2 h6 7. Bh4 Bxc3 8. bxc3 d6 9. f3 Nbd7 10. e4 e5 11. Be2 Nf8 12. Bf2 N6d7 13. Nf1 Ne6 14. Ne3 g6 15. g3 h5 16. h4 Ng7 17. Bd3 Qe7 18. Qe2 Ne6 19. Nd5 Qf8 20. a4 c6 21. Nb4 a5 22. Nc2 c5 23. Rb1 Ba6 24. 0-0 Qg7 25. dxe5 dxe5 26. Ne3 Nc7 27. Rfd1 0-0 28. Bc2 Bc8 29. Rd3 f6 30. Qd2 Rf7 31. Rd6 Ne8 32. Re6 Nc7 33. Rc6 Nf8 34. Rcxb6 Rd7 35. Nd5 Nxd5 36. cxd5 Qe7 37. Bd3 Rb7 38. Rxb7 Bxb7 39. Qb2 Bc8 40. Qb6 Nd7 41. Qc6 1-0

[Event "BL2-Sued 2324"]
[Site "Germany"]
[Date "2023.10.22"]
[Round "2.4"]
[White "Schenderowitsch, Michael"]
[Black "Shneider, Aleksandr"]
[Result "1/2-1/2"]
[WhiteElo "2274"]
[BlackElo "2484"]
[PlyCount "95"]
[EventDate "2023.10.21"]
[EventType "team-tourn"]
[EventRounds "10"]
[EventCountry "GER"]
[SourceTitle "EXT 2025"]
[Source "ChessBase"]
[SourceDate "2024.10.14"]
[SourceVersion "1"]
[SourceVersionDate "2024.10.14"]
[SourceQuality "1"]
[WhiteTeam "Schott Mainz"]
[BlackTeam "Hofheim"]
[WhiteTeamCountry "GER"]
[BlackTeamCountry "GER"]

1. d4 d5 2. c4 e6 3. Nc3 Be7 4. Nf3 Nf6 5. Bf4 0-0 6. e3 c5 7. dxc5 Bxc5 8. a3 Be7 9. Qc2 dxc4 10. Bxc4 a6 11. Rd1 Nbd7 12. 0-0 Qa5 13. e4 Nh5 14. Be3 Qc7 15. Ba2 b5 16. Bb1 Nhf6 17. Bg5 Re8 18. e5 Nxe5 19. Nxe5 Qxe5 20. Bxf6 Bxf6 21. Qxh7+ Kf8 22. Rfe1 Qg5 23. Nd5 g6 24. h4 Qxh4 25. Qxh4 Bxh4 26. Nc7 Ra7 27. Nxe8 Kxe8 28. Rc1 Bd7 29. Be4 Bf6 30. Re2 Kd8 31. Rd1 Ke7 32. Rdd2 a5 33. f4 b4 34. axb4 axb4 35. Kf2 b3 36. Bd5 Ba4 37. Bc4 Rc7 38. Ba6 Rc2 39. Bd3 Rc5 40. Re4 Bd7 41. Rb4 g5 42. g3 gxf4 43. gxf4 e5 44. fxe5 Bg5 45. Re2 Be6 46. Bb5 Bc1 47. Ba4 Bc4 48. Rxc4 1/2-1/2

[Event "La Palma Island op"]
[Site "Santa Cruz de La Palma"]
[Date "2023.08.10"]
[Round "8"]
[White "Kurajica, Bojan"]
[Black "Schenderowitsch, Michael"]
[Result "1/2-1/2"]
[WhiteElo "2474"]
[BlackElo "2234"]
[PlyCount "156"]
[EventDate "2023.08.05"]
[EventType "swiss"]
[EventRounds "9"]
[EventCountry "ESP"]
[SourceTitle "CBM 215 Extra"]
[Source "ChessBase"]
[SourceDate "2023.09.30"]
[SourceVersion "1"]
[SourceVersionDate "2023.09.30"]
[SourceQuality "1"]

1. Nf3 Nf6 2. c4 e6 3. g3 a6 4. Bg2 b5 5. Qc2 bxc4 6. Qxc4 d5 7. Qc2 c5 8. d3 Nbd7 9. 0-0 Bb7 10. Nbd2 Bd6 11. e4 0-0 12. Re1 Qb8 13. b3 Rc8 14. Bb2 Bf8 15. Nh4 Qa7 16. h3 a5 17. Kh2 a4 18. Rad1 Qb6 19. f4 axb3 20. axb3 Rcb8 21. f5 dxe4 22. Nc4 exd3 23. Rxd3 Qa6 24. fxe6 fxe6 25. Bxb7 Qxb7 26. Rxe6 Re8 27. Qe2 Kh8 28. Ree3 Rxe3 29. Rxe3 Rb8 30. Nf3 Qd5 31. Nfe5 Kg8 32. Rd3 Qe6 33. Qf3 Re8 34. Re3 Nd5 35. Re1 N7f6 36. Nd3 Qc8 37. Rd1 Qe6 38. Re1 Qc8 39. Be5 Re6 40. Rf1 Qe8 41. Rf2 Qc8 42. Qf5 Qe8 43. g4 h6 44. Rg2 Qc6 45. g5 hxg5 46. Qxg5 Nh7 47. Qg3 Nhf6 48. Rf2 Qe8 49. Rg2 Qc6 50. Nd2 Nb4 51. Nc4 Nxd3 52. Qxd3 Qe4 53. Qxe4 Nxe4 54. Ra2 Ng5 55. Kg2 Nf7 56. Bg3 Re8 57. Ra5 Rd8 58. Rb5 Rd5 59. Bf2 Rd3 60. Rb8 Rd8 61. Rb7 Nd6 62. Nxd6 Bxd6 63. Kf3 Bf8 64. Ke2 Rd5 65. Rb5 Re5+ 66. Kd3 Rf5 67. Ke2 Re5+ 68. Be3 Bd6 69. Kd3 Rh5 70. h4 Rxh4 71. Bxc5 Bxc5 72. Rxc5 Kf7 73. Kc3 Ke6 74. b4 Kd7 75. Rg5 Kc6 76. Kb3 Rh1 77. b5+ Kb6 78. Rxg7 Kxb5 1/2-1/2

[Event "La Palma Island op"]
[Site "Santa Cruz de La Palma"]
[Date "2023.08.06"]
[Round "3"]
[White "Schenderowitsch, Michael"]
[Black "Martinez Reyes, Pedro Ramon"]
[Result "1-0"]
[WhiteElo "2234"]
[BlackElo "2354"]
[PlyCount "60"]
[EventDate "2023.08.05"]
[EventType "swiss"]
[EventRounds "9"]
[EventCountry "ESP"]
[SourceTitle "CBM 215 Extra"]
[Source "ChessBase"]
[SourceDate "2023.09.30"]
[SourceVersion "1"]
[SourceVersionDate "2023.09.30"]
[SourceQuality "1"]

1. d4 d5 2. c4 dxc4 3. Nf3 Nf6 4. e3 c5 5. Bxc4 e6 6. 0-0 a6 7. dxc5 Bxc5 8. Qxd8+ Kxd8 9. a3 b5 10. Be2 Bb7 11. b4 Bd6 12. Bb2 Nbd7 13. Nbd2 Ke7 14. Rfc1 Rhc8 15. Nb3 Bd5 16. Na5 e5 17. Nd2 Nb6 18. Bd1 Ne4 19. Nxe4 Bxe4 20. Bb3 Bd5 21. Bxd5 Nxd5 22. Nb7 Ke6 23. Nc5+ Bxc5 24. bxc5 Rc6 25. Rc2 Rac8 26. Rac1 Nb6 27. cxb6 Rxc2 28. Rxc2 Rxc2 29. b7 Rd2 30. f4 Kd5 1-0

[Event "GER-ch Blitz"]
[Site "Viernheim"]
[Date "2023.07.15"]
[Round "8"]
[White "Neyman, Igor"]
[Black "Schenderowitsch, Michael"]
[Result "1/2-1/2"]
[WhiteElo "2316"]
[BlackElo "2234"]
[PlyCount "66"]
[EventDate "2023.07.15"]
[EventType "tourn (blitz)"]
[EventRounds "29"]
[EventCountry "GER"]
[SourceTitle "CBM 215 Extra"]
[Source "ChessBase"]
[SourceDate "2023.09.30"]
[SourceVersion "1"]
[SourceVersionDate "2023.09.30"]
[SourceQuality "1"]

1. d4 d5 2. c4 e5 3. dxe5 Ne7 4. cxd5 Qxd5 5. Qxd5 Nxd5 6. a3 Nc6 7. Nf3 h6 8. e4 Nb6 9. h3 g5 10. Nc3 Be6 11. Be3 0-0-0 12. Bxb6 axb6 13. Bb5 Nd4 14. Nxd4 Rxd4 15. Ke2 Bg7 16. Rad1 Rhd8 17. Rxd4 Rxd4 18. Rd1 Bxe5 19. Rxd4 Bxd4 20. f3 c6 21. Bd3 b5 22. Kd2 Kc7 23. Kc2 Kd6 24. Ne2 Be5 25. b3 b6 26. a4 b4 27. Ba6 Kc5 28. Bd3 h5 29. g4 h4 30. Ba6 f6 31. Bd3 Bf7 32. Ba6 Be6 33. Bd3 Bf7 1/2-1/2

[Event "GER-ch Blitz"]
[Site "Viernheim"]
[Date "2023.07.15"]
[Round "15"]
[White "Schenderowitsch, Michael"]
[Black "Frischmann, Rick"]
[Result "0-1"]
[WhiteElo "2234"]
[BlackElo "2388"]
[PlyCount "72"]
[EventDate "2023.07.15"]
[EventType "tourn (blitz)"]
[EventRounds "29"]
[EventCountry "GER"]
[SourceTitle "CBM 215 Extra"]
[Source "ChessBase"]
[SourceDate "2023.09.30"]
[SourceVersion "1"]
[SourceVersionDate "2023.09.30"]
[SourceQuality "1"]

1. d4 d5 2. Nf3 Nc6 3. Bf4 Bg4 4. e3 e6 5. c4 Bb4+ 6. Nc3 Nf6 7. h3 Bxf3 8. Qxf3 Qe7 9. a3 e5 10. axb4 exf4 11. cxd5 Nxd4 12. Qd1 Nf5 13. Bb5+ Kf8 14. 0-0 fxe3 15. Qd3 Nd6 16. fxe3 Qe5 17. Rf3 h5 18. Ba4 Rh6 19. Bb3 a6 20. Raf1 Re8 21. b5 a5 22. Bc2 Re7 23. Re1 Rg6 24. e4 h4 25. Ref1 Rg3 26. Rxg3 hxg3 27. Rf3 Nh5 28. Qe3 Nc4 29. Qc5 Nd2 30. Rf5 Qxf5 31. Qxe7+ Kxe7 32. exf5 Nf4 33. b6 cxb6 34. Na4 Nxd5 35. Bd3 Kd6 36. Bc4 Nxc4 0-1

[Event "GER-ch Blitz"]
[Site "Viernheim"]
[Date "2023.07.15"]
[Round "5"]
[White "Schenderowitsch, Michael"]
[Black "Karsay, Pascal"]
[Result "1-0"]
[WhiteElo "2234"]
[BlackElo "2319"]
[PlyCount "169"]
[EventDate "2023.07.15"]
[EventType "tourn (blitz)"]
[EventRounds "29"]
[EventCountry "GER"]
[SourceTitle "CBM 215 Extra"]
[Source "ChessBase"]
[SourceDate "2023.09.30"]
[SourceVersion "1"]
[SourceVersionDate "2023.09.30"]
[SourceQuality "1"]

1. Nf3 Nf6 2. c4 e6 3. Nc3 d5 4. d4 dxc4 5. e3 a6 6. a4 b6 7. Bxc4 Bb7 8. 0-0 Bb4 9. Qb3 Qe7 10. d5 Bxc3 11. dxe6 Bb4 12. exf7+ Kf8 13. e4 Nxe4 14. Nd4 Bc8 15. Bd5 c6 16. Bxc6 Ra7 17. Bxe4 Qxe4 18. Qxb4+ Kxf7 19. f3 Qd5 20. Re1 Rd7 21. Be3 Re8 22. Bf2 Rxe1+ 23. Rxe1 a5 24. Qb5 Qxb5 25. Nxb5 Rd2 26. Bxb6 Bd7 27. Bxa5 Rxb2 28. Bc3 Rb3 29. Be5 Nc6 30. Nd6+ Kg6 31. Bg3 Ra3 32. Nc4 Rxa4 33. Ne5+ Nxe5 34. Bxe5 Ra6 35. Rd1 Be6 36. Bg3 Kf7 37. Re1 Rc6 38. h4 h6 39. Kh2 Ra6 40. Bf4 Rc6 41. Kg3 Ra6 42. Re5 Rc6 43. Ra5 Rb6 44. Be5 Rb7 45. Ra6 Rd7 46. h5 Rb7 47. Bf4 Rd7 48. Rb6 Ra7 49. Kh2 Rd7 50. g4 Ra7 51. Kg3 Bd5 52. Rd6 Be6 53. Be5 Ra5 54. f4 Ra3+ 55. Kh4 Ra2 56. f5 Bc8 57. Rc6 Bd7 58. Rc7 Rd2 59. Kg3 Rd5 60. Kf4 Rd3 61. Ke4 Rd1 62. Bd4 Ke7 63. Bxg7 Rg1 64. Kf4 Rf1+ 65. Kg3 Kd6 66. Ra7 Bc6 67. Bxh6 Ke5 68. Re7+ Kd4 69. Be3+ Kd3 70. Bb6 Bf3 71. h6 Be2 72. h7 Rh1 73. Rd7+ Ke4 74. Bd4 Rf1 75. Re7+ Kd3 76. h8Q Rf3+ 77. Kg2 Rf4 78. Qe5 Rxg4+ 79. Kf2 Bd1 80. Qe3+ Kc4 81. Rc7+ Kb4 82. Qc3+ Kb5 83. Rb7+ Ka6 84. Qc6+ Ka5 85. Qb5# 1-0

[Event "GER-ch Blitz"]
[Site "Viernheim"]
[Date "2023.07.15"]
[Round "27"]
[White "Schulze, Marc Andre"]
[Black "Schenderowitsch, Michael"]
[Result "0-1"]
[WhiteElo "2170"]
[BlackElo "2234"]
[PlyCount "62"]
[EventDate "2023.07.15"]
[EventType "tourn (blitz)"]
[EventRounds "29"]
[EventCountry "GER"]
[SourceTitle "CBM 215 Extra"]
[Source "ChessBase"]
[SourceDate "2023.09.30"]
[SourceVersion "1"]
[SourceVersionDate "2023.09.30"]
[SourceQuality "1"]

1. Nf3 Nf6 2. b3 d5 3. Bb2 Bf5 4. d3 c6 5. Nbd2 h6 6. g3 e6 7. Bg2 Nbd7 8. 0-0 Bh7 9. Re1 Be7 10. e4 dxe4 11. dxe4 Nc5 12. e5 Nd5 13. Nc4 0-0 14. Qe2 Qc7 15. Rad1 Nb4 16. Nd4 a5 17. a3 Nd5 18. Nd6 Rad8 19. c4 Nb6 20. b4 axb4 21. axb4 Na6 22. b5 Nb8 23. bxc6 bxc6 24. Bc3 Na4 25. Bd2 Bxd6 26. exd6 Qxd6 27. Ba5 Qc5 28. Bxd8 Nc3 29. Qg4 Nxd1 30. Bf6 Bg6 31. Nxe6 Qxf2+ 0-1

[Event "Oberliga Sued W 2223"]
[Site "Germany"]
[Date "2023.03.19"]
[Round "7.4"]
[White "Flierl, Pascal"]
[Black "Schenderowitsch, Michael"]
[Result "1/2-1/2"]
[WhiteElo "2199"]
[BlackElo "2242"]
[PlyCount "21"]
[EventDate "2022.10.23"]
[EventType "team-tourn"]
[EventRounds "9"]
[EventCountry "GER"]
[SourceTitle "EXT 2025"]
[Source "ChessBase"]
[SourceDate "2024.10.14"]
[SourceVersion "1"]
[SourceVersionDate "2024.10.14"]
[SourceQuality "1"]
[WhiteTeam "Speyer Schwegenheim II"]
[BlackTeam "Schott Mainz"]
[WhiteTeamCountry "GER"]
[BlackTeamCountry "GER"]

1. e4 c6 2. d3 d5 3. Nd2 e5 4. Ngf3 Bd6 5. d4 exd4 6. exd5 cxd5 7. Nxd4 Nc6 8. N2f3 Nge7 9. Be2 0-0 10. 0-0 a6 11. Be3 1/2-1/2